| 000 | 00447 a2200157 4500 | ||
|---|---|---|---|
| 999 |
_c321330 _d321330 |
||
| 001 | 86257 | ||
| 003 | NUST | ||
| 005 | 20180122102728.0 | ||
| 008 | 180122b xxu||||| |||| 00| 0 eng d | ||
| 020 | _a9780195474411 | ||
| 082 | _a954.9205 KHA | ||
| 100 |
_aKhadim Hussain Raja _99450 |
||
| 245 |
_aA stranger in my own country : East Pakistan, 1969-1971 _cKhadim Hussain Raja _hEnglish |
||
| 250 | _a1st | ||
| 260 |
_aKarachi _bOxford university Press _c2012 |
||
| 300 | _a131p. | ||
| 500 | _aGeneral Collection | ||
| 942 |
_aCAE NUST _cBK _k954.9205 KHA _2ddc |
||